000 01493nam a2200373 a 4500
001 ebr10671008
003 CaPaEBR
006 m u
007 cr cn|||||||||
008 100325s2009 nyua sb 001 0 eng d
010 _z 2010277914
020 _z1606927922
020 _z9781606927922
020 _z9781614703495 (e-book)
040 _aCaPaEBR
_cCaPaEBR
035 _a(OCoLC)759177109
043 _an-us---
050 1 4 _aQL84.2
_b.C35 2009eb
082 0 4 _a333.95/4160973
_222
100 1 _aCallihan, David.
245 1 0 _aNational Wildlife Refuge System
_h[electronic resource] /
_cDavid Callihan.
260 _aNew York :
_bNova Science Publishers,
_c2009.
300 _axxi, 85 p. :
_bill. (some col.).
490 1 _aNovinka
504 _aIncludes bibliographical references and index.
505 0 _aIntroduction -- Effectiveness ratings -- Operational context: budget and workload trends -- Analysis of strategic outcome goals.
533 _aElectronic reproduction.
_bPalo Alto, Calif. :
_cebrary,
_d2013.
_nAvailable via World Wide Web.
_nAccess may be limited to ebrary affiliated libraries.
610 2 0 _aNational Wildlife Refuge System (U.S.)
_xEvaluation.
650 0 _aWildlife refuges
_zUnited States
_xManagement.
655 7 _aElectronic books.
_2local
710 2 _aebrary, Inc.
830 0 _aNovinka (Series)
856 4 0 _uhttp://site.ebrary.com/lib/rucke/Doc?id=10671008
_zAn electronic book accessible through the World Wide Web; click to view
999 _c62226
_d62226